[Event "CZE-chT2A 1112"]
[Site "Czech Republic"]
[Date "2012.03.25"]
[Round "10"]
[White "Ruzicka, Ales"]
[Black "Plasil, Vojtech"]
[Result "1-0"]
[WhiteElo "2053"]
[BlackElo "1814"]
[PlyCount "83"]
[EventDate "2011.10.09"]
[EventType "team-tourn"]
[EventRounds "11"]
[EventCountry "CZE"]
[SourceTitle "EXT 2013"]
[Source "ChessBase"]
[SourceDate "2012.11.22"]
[SourceVersion "1"]
[SourceVersionDate "2012.11.22"]
[SourceQuality "1"]
[WhiteTeam "Tabor Sokol"]
[BlackTeam "Jindrichuv Hradec"]
[WhiteTeamCountry "CZE"]
[BlackTeamCountry "CZE"]

1. e4 d5 2. exd5 Qxd5 3. Nc3 Qa5 4. d4 Nf6 5. h3 e6 6. Nf3 c6 7. Bd3 Bd6 8. 0-0 Nbd7 9. Re1 0-0 10. Qe2 a6 11. Ne5 c5 12. Nc4 Qc7 13. Ne4 Nxe4 14. Qxe4 g6 15. Nxd6 Qxd6 16. Be3 Re8 17. Rad1 cxd4 18. Bxd4 Qe7 19. Qf3 Rb8 20. Ba7 Ra8 21. Be3 Rb8 22. Qg3 Ra8 23. Bg5 f6 24. Bd2 Qf7 25. Bc4 b5 26. Bb3 Nc5 27. Qd6 Nxb3 28. cxb3 Bb7 29. Ba5 Rac8 30. Rc1 e5 31. Rxc8 Rxc8 32. Rd1 Re8 33. Bd8 f5 34. Bg5 Bc8 35. Rc1 Qe6 36. Qc7 Qd7 37. Qb6 Qd5 38. Rc7 Qd1+ 39. Kh2 Qd5 40. Qf6 Bd7 41. Bh6 Qf7 42. Qxf7+ 1-0

[Event "CZE-chT2A 1112"]
[Site "Czech Republic"]
[Date "2012.01.22"]
[Round "6"]
[White "Plasil, Vojtech"]
[Black "Gschwendtner, Stanislav"]
[Result "1/2-1/2"]
[WhiteElo "1814"]
[BlackElo "2011"]
[PlyCount "127"]
[EventDate "2011.10.09"]
[EventType "team-tourn"]
[EventRounds "11"]
[EventCountry "CZE"]
[SourceTitle "EXT 2013"]
[Source "ChessBase"]
[SourceDate "2012.11.22"]
[SourceVersion "1"]
[SourceVersionDate "2012.11.22"]
[SourceQuality "1"]
[WhiteTeam "Jindrichuv Hradec"]
[BlackTeam "Klatovy"]
[WhiteTeamCountry "CZE"]
[BlackTeamCountry "CZE"]

1. e4 c5 2. Nf3 d6 3. d4 cxd4 4. Nxd4 Nf6 5. Nc3 g6 6. Be2 Bg7 7. Be3 Nc6 8. 0-0 0-0 9. h3 Nxd4 10. Bxd4 a6 11. a4 e5 12. Be3 Be6 13. f4 exf4 14. Rxf4 d5 15. exd5 Nxd5 16. Nxd5 Bxd5 17. Bd4 Bc6 18. Bxg7 Kxg7 19. Qxd8 Raxd8 20. Bd3 Rfe8 21. Raf1 f5 22. b3 Re3 23. Kh2 h5 24. R1f2 Rde8 25. h4 R8e7 26. Rd2 Rd7 27. Rdf2 Bd5 28. Rd4 Kf6 29. Re2 Rxe2 30. Bxe2 Ke5 31. Rd2 Rc7 32. c4 Be4 33. Kg3 f4+ 34. Kf2 Rc6 35. Bf3 Bxf3 36. Kxf3 Rb6 37. Rd5+ Ke6 38. Rd3 Ke5 39. Rd5+ Kf6 40. Rd3 g5 41. a5 Rb4 42. hxg5+ Kxg5 43. Rd5+ Kf6 44. Rxh5 Rxb3+ 45. Kxf4 Rb4 46. Rc5 Ke6 47. Ke4 Kd6 48. Kd4 Rb2 49. Rd5+ Kc6 50. g4 b5 51. axb6 Kxb6 52. g5 Rg2 53. Rd6+ Kc7 54. Rxa6 Rxg5 55. Re6 Rh5 56. c5 Kd7 57. Ra6 Kc7 58. Kc4 Kb7 59. Rg6 Rh1 60. Rb6+ Kc7 61. Rg6 Rc1+ 62. Kd4 Rd1+ 63. Ke5 Re1+ 64. Kd5 1/2-1/2

[Event "CZE-chT2A 1112"]
[Site "Czech Republic"]
[Date "2012.01.08"]
[Round "5"]
[White "Mraz, Miroslav"]
[Black "Plasil, Vojtech"]
[Result "1/2-1/2"]
[WhiteElo "2046"]
[BlackElo "1814"]
[PlyCount "85"]
[EventDate "2011.10.09"]
[EventType "team-tourn"]
[EventRounds "11"]
[EventCountry "CZE"]
[SourceTitle "EXT 2013"]
[Source "ChessBase"]
[SourceDate "2012.11.22"]
[SourceVersion "1"]
[SourceVersionDate "2012.11.22"]
[SourceQuality "1"]
[WhiteTeam "Cesky Krumlov"]
[BlackTeam "Jindrichuv Hradec"]
[WhiteTeamCountry "CZE"]
[BlackTeamCountry "CZE"]

1. d4 Nf6 2. Nf3 d5 3. Bg5 e6 4. Nbd2 c5 5. e3 cxd4 6. exd4 Be7 7. Bd3 Nc6 8. c3 h6 9. Bh4 Bd7 10. Qe2 a6 11. 0-0 0-0 12. Rfe1 b5 13. a3 Re8 14. Rad1 Na5 15. Ne5 Nc4 16. Ndf3 Qc7 17. Bb1 a5 18. Qc2 Nd6 19. Nd2 Rac8 20. Nb3 Nb7 21. Ng4 Qd8 22. Nd2 b4 23. axb4 axb4 24. Bxf6 Bxf6 25. Qh7+ Kf8 26. Re3 bxc3 27. bxc3 Bg5 28. Rf3 f5 29. Ne5 Bf6 30. g4 Nd6 31. gxf5 exf5 32. Nxd7+ Qxd7 33. Bxf5 Nxf5 34. Qxf5 Qxf5 35. Rxf5 Rxc3 36. Nb1 Rb3 37. Rf1 Re4 38. Nd2 Rg4+ 39. Kh1 Rb4 40. Nf3 Ke7 41. h3 Re4 42. Rxd5 Bxd4 43. Nxd4 1/2-1/2

[Event "CZE-chT2A 1112"]
[Site "Czech Republic"]
[Date "2011.10.09"]
[Round "1"]
[White "Soukal, Rudolf"]
[Black "Plasil, Vojtech"]
[Result "1/2-1/2"]
[WhiteElo "2071"]
[BlackElo "1814"]
[PlyCount "79"]
[EventDate "2011.10.09"]
[EventType "team-tourn"]
[EventRounds "11"]
[EventCountry "CZE"]
[SourceTitle "EXT 2013"]
[Source "ChessBase"]
[SourceDate "2012.11.22"]
[SourceVersion "1"]
[SourceVersionDate "2012.11.22"]
[SourceQuality "1"]
[WhiteTeam "Praha Dukla"]
[BlackTeam "Jindrichuv Hradec"]
[WhiteTeamCountry "CZE"]
[BlackTeamCountry "CZE"]

1. e4 d5 2. exd5 Qxd5 3. Nc3 Qa5 4. Bc4 Nf6 5. Nf3 Bg4 6. h3 Bh5 7. d3 c6 8. Bd2 Qc7 9. Qe2 Nbd7 10. g4 Bg6 11. 0-0-0 0-0-0 12. Nh4 e6 13. f4 Nb6 14. Bb3 Bd6 15. Rdf1 Rhe8 16. Qf2 Kb8 17. Rhg1 Rg8 18. Rg2 Nbd5 19. f5 exf5 20. Bxd5 Nxd5 21. Nxd5 cxd5 22. gxf5 Bh5 23. Rg5 Rc8 24. Be3 Qa5 25. Rxh5 Qxa2 26. Bxa7+ Qxa7 27. Qxa7+ Kxa7 28. Ng2 h6 29. Ne3 d4 30. Nd5 Rc5 31. f6 g6 32. b4 gxh5 33. bxc5 Bxc5 34. Nf4 Rg5 35. Ne2 b6 36. Rf4 Rd5 37. Rh4 Rd6 38. Rf4 Rd5 39. Kb2 Kb7 40. c4 1/2-1/2